| 000 | 01259nam a2200337 a 4500 | ||
|---|---|---|---|
| 001 | 000111266 | ||
| 003 | CHAP | ||
| 005 | 20220329144204.0 | ||
| 008 | 150123s2014 mx a fsm |||||||spa d | ||
| 010 | _a107728 | ||
| 011 | _a108700 | ||
| 040 | _cCHAP | ||
| 090 | _aTesis | ||
| 100 | 1 |
_aMendoza Salazar, Vanessa Guadalupe _9129109 |
|
| 245 | 1 | 0 |
_aEntomofauna asociada a las arvenses del nopal tunero (Opuntia spp.) bajo dos condiciones de manejo y su zona de amortiguamiento, en Axapusco, Edo. de México _h[En línea] _cpor Vanessa Guadalupe Mendoza Salazar. |
| 260 |
_aChapingo, Méx. : _bEl autor, _c2014. |
||
| 500 | _aPara ver el contenido del material haga clic en la liga | ||
| 502 | _aTesis (Ing. en Agroecología) -- UACH. Departamento Agroecología | ||
| 590 |
_aE11695DGD _b10 _c20150130 _lUCH01 _h0813 |
||
| 590 |
_aE5995AHE _b05 _c20150123 _lUCH01 _h1317 |
||
| 590 |
_aE5995AHE _b05 _c20150123 _lUCH01 _h1317 |
||
| 590 |
_aE5995AHE _b05 _c20150123 _lUCH01 _h1326 |
||
| 650 | 1 | 4 |
_aMalas hierbas _xMéxico (Edo.) _970026 |
| 650 | 1 | 4 |
_aNopal. _981647 |
| 650 | 1 | 4 |
_aNopal _xPlagas. _981689 |
| 650 | 1 | 4 |
_aTuna. _9115544 |
| 856 |
_aFinding aid _uhttp://10.13.5.2/tesis/sist111266.pdf _zTeclea aquí |
||
| 901 | _aBK | ||
| 942 | _cTESIS | ||
| 942 | _n0 | ||
| 999 |
_c107728 _d107728 |
||